ბათუმის შოთა რუსთაველის სახელმწიფო უნივერსიტეტის ბიბლიოთეკა

Технология переработки нефти и газа, нефтохимия. Труды грознии. Выпуск XV. (ბიბ.ჩანაწერი № 36986)

000 -LEADER
fixed length control field 00659nam a2200193Ia 4500
001 - CONTROL NUMBER
control field 2938
003 - CONTROL NUMBER IDENTIFIER
control field GE_BSU
008 - FIXED-LENGTH DATA ELEMENTS--GENERAL INFORMATION
fixed length control field 181216s||||||||xx |||||||||||||| ||und||
040 ## - CATALOGING SOURCE
Transcribing agency GE_BSU
080 ## - UNIVERSAL DECIMAL CLASSIFICATION NUMBER
Universal Decimal Classification number 665.63
245 ## - TITLE STATEMENT
Title Технология переработки нефти и газа, нефтохимия. Труды грознии. Выпуск XV.
245 ## - TITLE STATEMENT
Statement of responsibility, etc. Вед. ред. С.И.Бабушкина.
260 ## - PUBLICATION, DISTRIBUTION, ETC.
Place of publication, distribution, etc. М.
260 ## - PUBLICATION, DISTRIBUTION, ETC.
Name of publisher, distributor, etc. Гостоптехиздат.
260 ## - PUBLICATION, DISTRIBUTION, ETC.
Date of publication, distribution, etc. 1963.
300 ## - PHYSICAL DESCRIPTION
Extent 274 стр. с илл. 22 см.
653 ## - INDEX TERM--UNCONTROLLED
Uncontrolled term Технология переработки нефти и газа, нефтохимия.
942 ## - ADDED ENTRY ELEMENTS (KOHA)
Koha item type წიგნი
ეგზემპლარები
Withdrawn status Lost status Damaged status Not for loan Date acquired Barcode Date last seen Price effective from Koha item type
        2018-12-17 9512 2018-12-17 2018-12-17 წიგნი